El nuevo espectador / (Record no. 348)

MARC details
000 -LEADER
campo de control de longitud fija 01440cam a2200289 a 4500
001 - NÚMERO DE CONTROL
campo de control 174831
005 - FECHA Y HORA DE LA ÚLTIMA TRANSACCIÓN
campo de control 20220326193305.0
008 - DATOS DE LONGITUD FIJA--INFORMACIÓN GENERAL
campo de control de longitud fija 980908s1998 sp a b 001 0 spa
010 ## - NÚMERO DE CONTROL DE LA BIBLIOTECA DEL CONGRESO
Número de control de LC 98192866
020 ## - NÚMERO INTERNACIONAL ESTÁNDAR DEL LIBRO
Número Internacional Estándar del Libro 8477749256
035 ## - NÚMERO DE CONTROL DEL SISTEMA
Número de control de sistema (DLC) 98192866
040 ## - FUENTE DE CATALOGACIÓN
Centro catalogador/agencia de origen DLC
Centro/agencia transcriptor DLC
Centro/agencia modificador DLC
082 00 - NÚMERO DE LA CLASIFICACIÓN DECIMAL DEWEY
Número de clasificación 111.85
Número de ítem J61n
100 ## - ENTRADA PRINCIPAL--NOMBRE DE PERSONA
Nombre de persona José Jimenez et all (editor)
9 (RLIN) 1661
245 03 - MENCIÓN DEL TÍTULO
Título El nuevo espectador /
Mención de responsabilidad, etc. Jiménez, José, editor ; Buchloh, Benjamin ... [et al.].
260 ## - PUBLICACIÓN, DISTRIBUCIÓN, ETC.
Lugar de publicación, distribución, etc. Madrid :
Nombre del editor, distribuidor, etc. Fundación Argentaria :
-- UA Ediciones :
-- Visor,
Fecha de publicación, distribución, etc. 1998.
300 ## - DESCRIPCIÓN FÍSICA
Extensión 128 p. :
Otras características físicas ill. ;
Dimensiones 24 cm.
440 #0 - MENCIÓN DE SERIE/PUNTO DE ACCESO ADICIONAL--TÍTULO
Título Colección Debates sobre arte ;
Designación de volumen o secuencia 5
9 (RLIN) 1662
504 ## - NOTA DE BIBLIOGRAFÍA, ETC.
Nota de bibliografía, etc. Includes bibliographical references and indexes.
505 ## - NOTA DE CONTENIDO CON FORMATO
Título Mas allá de la contemplación estética
Mención de responsabilidad José Jiménez
Título La moral problematica de lo estetico
Mención de responsabilidad Hans Robert Jauss
Título Pidgin. Anotaciones sobre el escenario contemporáneo de la estética
Mención de responsabilidad Fieter Buchloh
Título Modelos de interacción: cine y vídeo en nueva era de los medios de comunicación.
Mención de responsabilidad John G. Hanhardt
Título Palabras Vacías
Mención de responsabilidad Nacho Criado
Título El laberinto de la estética
Mención de responsabilidad Eugenio Trías
650 #0 - PUNTO DE ACCESO ADICIONAL DE MATERIA--TÉRMINO DE MATERIA
Término de materia o nombre geográfico como elemento de entrada Aesthetics.
9 (RLIN) 1663
650 #0 - PUNTO DE ACCESO ADICIONAL DE MATERIA--TÉRMINO DE MATERIA
Término de materia o nombre geográfico como elemento de entrada Arts
Subdivisión general Philosophy.
9 (RLIN) 1664
700 1# - ENTRADA AGREGADA--NOMBRE PERSONAL
Nombre de persona Jiménez, José,
Fechas asociadas al nombre 1951-
9 (RLIN) 1665
700 1# - ENTRADA AGREGADA--NOMBRE PERSONAL
Nombre de persona Buchloh, B. H. D.
9 (RLIN) 1666
906 ## - ELEMENTOS DE DATOS F LOCAL, LDF (RLIN)
a 7
b cbc
c orignew
d 3
e ncip
f 19
g y-gencatlg
Holdings
Estatus retirado Estado de pérdida Fuente del sistema de clasificación o colocación Estado de daño No para préstamo Biblioteca de origen Biblioteca actual Ubicación en estantería Fecha de adquisición Total de préstamos Signatura topográfica completa Código de barras Visto por última vez Precio de reemplazo Tipo de ítem Koha
    Clasificación Decimal Dewey     Biblioteca LadoV Biblioteca LadoV   20/11/2014   111.85 J61n 000281 20/11/2014 20/11/2014 Material 01